Effectif Olympique Lyonnais 2025/2026 - Statistiques

Statistiques générales
  • Ce quiz a été pris 309 fois
    3 depuis la dernière actualisation
  • Le résultat moyen est 18 sur 27
Statistiques - réponses
Poste Numéro Joueur % Correct
A 17 Afonso Moreira
100%
M 8 Corentin Tolisso
100%
G 1 Dominik Greif
100%
A 9 Endrick
100%
G 40 Rémy Descamps
100%
M 6 Tanner Tessmann
100%
A 7 Adam Karabec
67%
D 98 Ainsley Maitland-Niles
67%
D 22 Clinton Mata
67%
M 44 Khalis Merah
67%
G 50 Lassine Diarra
67%
A 11 Malick Fofana
67%
M 39 Mathys De Carvalho
67%
D 19 Moussa Niakhaté
67%
D 3 Nicolás Tagliafico
67%
M 99 Noah Nartey
67%
M 5 Orel Mangala
67%
Coach - Paulo Fonseca
67%
M 10 Pavel Šulc
67%
A 18 Rachid Ghezzal
67%
A 77 Roman Yaremchuk
67%
M 23 Tyler Morton
67%
D 16 Vinicius Abner
67%
D 33 Hans Hateboer
33%
D 85 Noham Kamara
33%
D 21 Ruben Kluivert
33%
A 37 Ernest Nuamah
0%
Aucun quiz correspondant
Distribution des résultats
% des personnes avec chaque résultat
Percentile par nombre de réponses
Votre historique - résultats
Vous n’avez pas pris ce quiz depuis la dernière actualisation